| 000 | 00663nam a22001937a 4500 | ||
|---|---|---|---|
| 005 | 20180518110125.0 | ||
| 010 | _aENG-123053 | ||
| 020 |
_a9789352730209 _c995.00 |
||
| 035 | _aEN-106585 | ||
| 037 | _bDBAD/PUB. | ||
| 082 | _a332.10954 | ||
| 100 | _aBiswal, Kailash Chandra | ||
| 245 |
_aService management theory and practices / _cby Kailash Chandra Biswal [and] G. Singaiah |
||
| 260 |
_aNew Delhi _bHimalaya Publishing House _c2017 |
||
| 270 |
_aPooja Apartments, 4-B, Murari Lal Street, Ansari Road Dariy Ganj _bNew Delhi _e110002 |
||
| 300 |
_a274p. _b24cm(Hb) _cill. |
||
| 700 |
_d. _aSingaiah G. |
||
| 942 |
_2ddc _cEN _h332.10954 _mBIS |
||
| 999 |
_c152139 _d152139 |
||